Grown-ish Characters - Statistics

General Stats
  • This quiz has been taken 19 times
  • The average score is 8 of 10
Answer Stats
Hint Character % Correct
Stoner, trendsetter, fashion design major Luca Hall
100%
Narrator, oldest child on Black-ish Zoey Johnson
100%
Woke resident assistant for Hawkins Hall Aaron Jackson
93%
Twin, track athlete from South LA, Economics major Jazlyn "Jazz" Forster
93%
Twin, track athlete from South LA, Early Education major Skylar "Sky" Forster
93%
Catholic Cuban American who is Republican Analisa "Ana" Patricia Torres
80%
One twin's boyfriend, best friends with resident assistant and drug dealer Frederick “Doug” Edwards
80%
Indian American drug dealer Vivek Shah
73%
Bisexual Jewish American Nomi Segal
67%
Dre's co-worker on Black-ish, taught "Digital Marketing Strategies", became Dean Professor Charlie Telphy
60%
No matching quizzes found
Score Distribution
Percent of People with Each Score
Percentile by Number Answered
Your Score History
You have not taken this quiz